| 000 | 00345nam a22001337a 4500 | ||
|---|---|---|---|
| 005 | 20170822175146.0 | ||
| 008 | 160530b xxu||||| |||| 00| 0 eng d | ||
| 040 | _dBSU | ||
| 082 |
_222 _aR332.4 BAN |
||
| 245 |
_aFinancial stability Report _bIssue No.7 |
||
| 260 |
_aKampala _bBank of Uganda _c2015 |
||
| 300 |
_avi,62p. _c29 cm |
||
| 942 |
_2ddc _cPER |
||
| 999 |
_c10699 _d10699 |
||